| 000 | 00522nam a2200217Ia 4500 | ||
|---|---|---|---|
| 003 | OSt | ||
| 005 | 20140313132712.0 | ||
| 008 | 140130s9999 xx 000 0 und d | ||
| 020 | _a9780439664745 | ||
| 050 |
_aPZ 7 _b.L856Ho 2004 |
||
| 100 | _aLong, Melinda | ||
| 245 |
_aHow I became a Pirate . _cMelinda Long |
||
| 260 |
_bScholastic, _c2004. _aNew York : |
||
| 300 |
_a30 p. : _bcol. ill. ; _c28 cm. |
||
| 440 | _v1 | ||
| 521 | _aG2 | ||
| 526 | _c470 | ||
| 942 |
_cBK _2lcc |
||
| 999 |
_c40426 _d40426 |
||